| 000 | 00810nam a2200241Ia 4500 | ||
|---|---|---|---|
| 003 | OSt | ||
| 005 | 20220923221121.0 | ||
| 006 | a|||||r|||| 00| 0 | ||
| 007 | ta | ||
| 008 | 220922b |||||||| |||| 00| 0 hin d | ||
| 024 | _a195,363 | ||
| 037 | _cTextual | ||
| 040 |
_aARTS _cARTS _bhin |
||
| 041 |
_2hin _ahin |
||
| 082 | _aR3xL11, 152L1;L7 | ||
| 100 |
_aहूयूम, डेविड _9156290 |
||
| 245 | 0 |
_aमानव प्रकृति _b एक अध्ययन |
|
| 246 | _aMānav prakṛuti: ek adhyayana | ||
| 260 |
_aचण्डीगढ _b हरियाणा हिन्दी ग्रंथ अकादमी _c1977 |
||
| 300 |
_a560पृ. _ccm. |
||
| 942 |
_hR3xL11, 152L1;L7 _cTEXL _2CC |
||
| 999 |
_c347573 _d347573 |
||